Playboi Carti Knowledge Quiz - Statistics

General Stats
  • This quiz has been taken 230 times
  • The average score is 12 of 15
Answer Stats
Question Answer % Correct
What is Playboi Carti's real name? Jordan Carter
96%
What was the 4 song deluxe version of MUSIC? MUSIC - SORRY 4 DA WAIT
95%
Which song is the intro for 'Die Lit'? Long Time
92%
Which artist has Playboi Carti collaborated with the most? Lil Uzi Vert
90%
What's the name of Playboi Carti's first project on streaming services? Playboi Carti
89%
Who was NOT featured on MUSIC? A$AP Rocky
87%
Which song has Travis Scott as a feature? WAKE UP F1LTHY
84%
Which song had a Kid Cudi Feature? M3tamorphosis
82%
Which song is NOT a Playboi Carti song? Rockstar Lifestyle
79%
Which song has a A$AP Rocky Feature? New Choppa
77%
Which Group is Playboi Carti Associated with? A$AP Mob
70%
How many tracks are on 'Whole Lotta Red'? 24
68%
What is Carti's Most streamed solo song on Spotify Magnolia
66%
Which song is the most streamed on 'MUSIC'? RATHER LIE
49%
Which song is the least streamed on 'Whole Lotta Red'? F33l Lik3 Dyin
38%
No matching quizzes found
Score Distribution
Percent of People with Each Score
Percentile by Number Answered
Your Score History
You have not taken this quiz